000 00363 a2200157 4500
001 156419
020 _a858567282X
040 _cEscola São Tomás de Aquino
100 _aGONTIJO, Solange Avelar Fonseca
240 1 0 _aCacá o papagaio
_lpor
245 1 0 _aCacá o papagaio
300 _a16
362 0 _a1997
697 _a*LITERATURA INFANTIL
942 _cBK
999 _c156419
_d156419